Tilastot visalle Sanoja Maiden Nimissä - Suomi-versio #3

Klikkaa tästä pelataksesi tätä visaa!

Yleistilastot

  • Tätä visaa on pelattu 223 kertaa
  • Keskiarvotulos 8 / 16

Vastaustilastot

SanaMaa% Oikein
rundiBurundi
82%
surinaSuriname
77%
kenKenia
76%
kuningasYhdistynyt Kuningaskunta
76%
rainaUkraina
68%
ostaCosta Rica
67%
askarMadagaskar
65%
kanaKanada
53%
valtaItävalta
52%
kinaBurkina Faso
39%
rikkaEtelä-Afrikka
39%
maniaRomania
35%
lestiPalestiina
27%
raeIsrael
21%
oriKomorit
12%
moniSalomonin saaret
10%

Tulosjakauma

Persentiili vastausten määrän mukaan

Jokaisen tuloksen saaneiden osuus

Tuloshistoriasi

Et ole pelannut tätä visaa